| 000 | 00760nam a22002177a 4500 | ||
|---|---|---|---|
| 999 |
_c7654 _d7654 |
||
| 003 | AR-CdUCM | ||
| 008 | 190321b ||||| |||| 00| 0 spa d | ||
| 020 | _a9972-840-15-8 | ||
| 040 |
_aMUNICIPALIDAD PROVINCIAL DEL CUSCO _cBIBLIOTECA MUNICIPAL DEL CUSCO |
||
| 082 |
_a599 / _bSA19 |
||
| 100 |
_aSánchez Reyes, Cristian _921418 |
||
| 245 | _aRazas, cría y manejo de gatos / | ||
| 260 |
_aLima : _bRipalme, _c2005. |
||
| 300 |
_a134 paginas ; _bIlustraciones, _c20 cm. |
||
| 505 | _aContenido : Mas que michi, michi -- Raza y Comportamiento -- Manejo, alimentación y reproducción -- La educación del gato -- Sanidad del gato... | ||
| 650 |
_aGato _921612 |
||
| 650 |
_aFelino _921613 |
||
| 650 |
_aAnimales _9917 |
||
| 942 |
_2ddc _cLIBROS |
||
| 945 | _awnts | ||